Pattern Recognition 9th Mexican Conference, MCPR 2017, Huatulco, Mexico, June 21-24, 2017, Proceedings /

This book constitutes the refereed proceedings of the 9th Mexican Conference on Pattern Recognition, MCPR 2017, held in Huatulco, Mexico, in June 2017. The 29 revised full papers presented were carefully reviewed and selected from 55 submissions. The papers are organized in topical sections on patte...

Full description

Bibliographic Details
Corporate Author: SpringerLink (Online service)
Other Authors: Carrasco-Ochoa, Jesús Ariel (Editor), Martínez-Trinidad, José Francisco (Editor), Olvera-López, José Arturo (Editor)
Format: Electronic eBook
Language:English
Published: Cham : Springer International Publishing : Imprint: Springer, 2017.
Series:Lecture Notes in Computer Science, 10267
Subjects:
Online Access:Full Text via HEAL-Link
LEADER 02841nam a22005655i 4500
001 978-3-319-59226-8
003 DE-He213
005 20170519183514.0
007 cr nn 008mamaa
008 170519s2017 gw | s |||| 0|eng d
020 |a 9783319592268  |9 978-3-319-59226-8 
024 7 |a 10.1007/978-3-319-59226-8  |2 doi 
040 |d GrThAP 
050 4 |a Q337.5 
050 4 |a TK7882.P3 
072 7 |a UYQP  |2 bicssc 
072 7 |a COM016000  |2 bisacsh 
082 0 4 |a 006.4  |2 23 
245 1 0 |a Pattern Recognition  |h [electronic resource] :  |b 9th Mexican Conference, MCPR 2017, Huatulco, Mexico, June 21-24, 2017, Proceedings /  |c edited by Jesús Ariel Carrasco-Ochoa, José Francisco Martínez-Trinidad, José Arturo Olvera-López. 
264 1 |a Cham :  |b Springer International Publishing :  |b Imprint: Springer,  |c 2017. 
300 |a XI, 310 p. 124 illus.  |b online resource. 
336 |a text  |b txt  |2 rdacontent 
337 |a computer  |b c  |2 rdamedia 
338 |a online resource  |b cr  |2 rdacarrier 
347 |a text file  |b PDF  |2 rda 
490 1 |a Lecture Notes in Computer Science,  |x 0302-9743 ;  |v 10267 
505 0 |a Pattern recognition and artificial intelligence techniques -- Image processing and analysis -- Robotics and remote sensing -- Natural language processing and recognition -- Applications of pattern recognition. 
520 |a This book constitutes the refereed proceedings of the 9th Mexican Conference on Pattern Recognition, MCPR 2017, held in Huatulco, Mexico, in June 2017. The 29 revised full papers presented were carefully reviewed and selected from 55 submissions. The papers are organized in topical sections on pattern recognition and artificial intelligence techniques, image processing and analysis, robotics and remote sensing, natural language processing and recognition, applications of pattern recognition. 
650 0 |a Computer science. 
650 0 |a Data mining. 
650 0 |a Artificial intelligence. 
650 0 |a Image processing. 
650 0 |a Pattern recognition. 
650 1 4 |a Computer Science. 
650 2 4 |a Pattern Recognition. 
650 2 4 |a Artificial Intelligence (incl. Robotics). 
650 2 4 |a Image Processing and Computer Vision. 
650 2 4 |a Information Systems Applications (incl. Internet). 
650 2 4 |a Data Mining and Knowledge Discovery. 
700 1 |a Carrasco-Ochoa, Jesús Ariel.  |e editor. 
700 1 |a Martínez-Trinidad, José Francisco.  |e editor. 
700 1 |a Olvera-López, José Arturo.  |e editor. 
710 2 |a SpringerLink (Online service) 
773 0 |t Springer eBooks 
776 0 8 |i Printed edition:  |z 9783319592251 
830 0 |a Lecture Notes in Computer Science,  |x 0302-9743 ;  |v 10267 
856 4 0 |u http://dx.doi.org/10.1007/978-3-319-59226-8  |z Full Text via HEAL-Link 
912 |a ZDB-2-SCS 
912 |a ZDB-2-LNC 
950 |a Computer Science (Springer-11645)